[Event "II Torneo"]
[Site "Codogno ITA"]
[Date "2010.09.24"]
[Round "1"]
[White "Poggioli, Filippo"]
[Black "Salami, Marco"]
[WhiteElo "1759"]
[BlackElo "2195"]
[Result "0-1"]
[PlyCount "140"]
[EventDate "2010.09.24"]

1. f4 d5 2. Nf3 Nc6 3. e3 Qd6 4. b3 f6 5. Ba3 Qd8 6. Bb5 Bd7 7. Nc3 e6 8. Bxf8
Kxf8 9. O-O Nge7 10. g4 Qe8 11. Qe1 Qg6 12. Qh4 Nf5 13. Qh3 Qh6 14. Qg2 Nh4 15.
Nxh4 Qxh4 16. Rf3 Qh6 17. Rh3 Qg6 18. Bd3 Qf7 19. Bxh7 Ne7 20. Bd3 Qg8 21. Rxh8
Qxh8 22. e4 Ng6 23. Qf2 Qh6 24. Rf1 c6 25. exd5 exd5 26. g5 Qh5 27. Kh1 Kf7 28.
Be2 Qh3 29. Rg1 Bf5 30. gxf6 gxf6 31. d3 Rh8 32. Rf1 Rh4 33. Qg2 Nxf4 34. Qxh3
Bxh3 35. Rf2 f5 36. Bf3 Kf6 37. Ne2 Kg5 38. Kg1 Ne6 39. Bg2 f4 40. Bxh3 Rxh3
41. Kg2 Rh4 42. Ng1 Rg4+ 43. Kf1 Kf5 44. Nf3 c5 45. Re2 d4 46. Re5+ Kf6 47. Rd5
b6 48. Rd7 Rg7 49. Rxg7 Nxg7 50. Kf2 Nf5 51. Ne1 Ne3 52. Kf3 Kf5 53. a4 Ke5 54.
h4 Kf5 55. h5 Ng4 56. h6 Nxh6 57. Ng2 Ng4 58. Nxf4 Ne3 59. Ne2 Nxc2 60. Nc1 Ke5
61. Kg4 a6 62. Kf3 Kd5 63. Ke2 Nb4 64. Kf3 Kc6 65. Ke4 b5 66. axb5+ Kxb5 67.
Kf3 Nc6 68. Ke2 Kb4 69. Kd2 Ka3 70. Kc2 Na5 0-1

[Event "II Torneo"]
[Site "Codogno ITA"]
[Date "2010.09.25"]
[Round "2"]
[White "Bini, Lorenzo"]
[Black "Damia, Angelo"]
[WhiteElo "1959"]
[BlackElo "2287"]
[Result "0-1"]
[PlyCount "89"]
[EventDate "2010.09.24"]

1. f4 e5 2. d3 Nc6 3. Nf3 Bb4+ 4. c3 Bd6 5. fxe5 Nxe5 6. e4 Ng4 7. Qe2 Qe7 8.
g3 f5 9. Bg5 N8f6 10. exf5 h6 11. Bxf6 Nxf6 12. Qxe7+ Bxe7 13. Nbd2 d6 14. Nd4
Ng4 15. Bh3 Ne5 16. Ke2 O-O 17. Raf1 Bd7 18. Ne6 Rfc8 19. Ne4 d5 20. N4c5 Bc6
21. Rhg1 b6 22. Nb3 Bb5 23. Nc1 Bd7 24. Kd2 Bxe6 25. fxe6 Rf8 26. Kd1 Nf3 27.
Rh1 c6 28. d4 Ng5 29. Bg4 g6 30. h4 Ne4 31. Rxf8+ Rxf8 32. Nd3 h5 33. Bh3 Rf3
34. Ne5 Rxg3 35. Kc2 Nf2 36. Rf1 Nxh3 37. Nxc6 Bd6 38. e7 Re3 39. Rf8+ Kg7 40.
e8=Q Rxe8 41. Rxe8 Nf4 42. Rd8 Ng2 43. Rd7+ Kh6 44. Ne7 Bg3 45. Ng8# 0-1

[Event "II Torneo"]
[Site "Codogno ITA"]
[Date "2010.09.25"]
[Round "2"]
[White "De Santis, Alessio"]
[Black "Stella, Luca"]
[WhiteElo "2300"]
[BlackElo "2042"]
[Result "1-0"]
[PlyCount "39"]
[EventDate "2010.09.24"]

1. d4 Nf6 2. c4 g6 3. Nc3 d5 4. cxd5 Nxd5 5. e4 Nxc3 6. bxc3 Bg7 7. Bc4 c5 8.
Ne2 Nc6 9. Be3 O-O 10. Rc1 cxd4 11. cxd4 Qa5+ 12. Kf1 Qa3 13. Rc3 Qd6 14. h4
Rd8 15. h5 Nxd4 16. Nxd4 Bxd4 17. Rd3 e5 18. hxg6 hxg6 19. Bg5 Kg7 20. Qf3 1-0

[Event "II Torneo"]
[Site "Codogno ITA"]
[Date "2010.09.25"]
[Round "2"]
[White "Ficco, Corrado"]
[Black "Quagliarella, Sabino Remo"]
[WhiteElo "2117"]
[BlackElo "1937"]
[Result "1-0"]
[PlyCount "51"]
[EventDate "2010.09.24"]

1. e4 e6 2. d4 d5 3. Nc3 Bb4 4. e5 c5 5. Bd2 Nc6 6. Nb5 Bxd2+ 7. Qxd2 cxd4 8.
Nf3 Nh6 9. Nbxd4 Bd7 10. O-O-O Ng4 11. Nxc6 Bxc6 12. h3 Nh6 13. Nd4 O-O 14. f4
Nf5 15. Nxf5 exf5 16. Qd4 Qa5 17. Kb1 Rfd8 18. g4 Bd7 19. Bd3 fxg4 20. hxg4 h6
21. f5 Qb6 22. Qf4 Bb5 23. f6 Bxd3 24. cxd3 Rac8 25. Rxh6 Qc5 26. Rdh1 1-0

[Event "II Torneo"]
[Site "Codogno ITA"]
[Date "2010.09.25"]
[Round "2"]
[White "Martino, Antonio M."]
[Black "Laketic, Gojko"]
[WhiteElo "1991"]
[BlackElo "2448"]
[Result "0-1"]
[PlyCount "50"]
[EventDate "2010.09.24"]

1. c4 c6 2. e4 d5 3. exd5 cxd5 4. d4 Nf6 5. Nc3 g6 6. Nf3 Bg7 7. c5 O-O 8. Bd3
Bg4 9. h3 Bxf3 10. Qxf3 Nc6 11. Ne2 e5 12. dxe5 Nxe5 13. Qe3 Nfd7 14. O-O d4
15. Qd2 Nxc5 16. Nf4 Rc8 17. b4 Nexd3 18. Nxd3 Ne4 19. Qb2 Re8 20. Bf4 Qd5 21.
Rfe1 Qf5 22. Rac1 Nxf2 23. Qxf2 Qxd3 24. Rxe8+ Rxe8 25. Re1 Qb5 0-1

[Event "II Torneo"]
[Site "Codogno ITA"]
[Date "2010.09.25"]
[Round "2"]
[White "Salami, Marco"]
[Black "Ferretti, Alessandro"]
[WhiteElo "2195"]
[BlackElo "1969"]
[Result "1-0"]
[PlyCount "65"]
[EventDate "2010.09.24"]

1. e4 c5 2. Nf3 Nc6 3. Bb5 g5 4. Bxc6 dxc6 5. Nxg5 Nf6 6. d3 Bg4 7. f3 Bh5 8.
g4 Bg6 9. f4 h6 10. Nh3 Qb6 11. f5 Bh7 12. Na3 Qa6 13. Qe2 b5 14. c4 b4 15. Nc2
O-O-O 16. Nf4 Bg7 17. e5 Nxg4 18. Qxg4 Bxe5 19. Qe2 Bf6 20. Qh5 Rhg8 21. Ne3
Bg5 22. Qxf7 Bxf4 23. Qxh7 b3 24. a3 Rge8 25. Qg6 Qb7 26. Qe6+ Kb8 27. Qe4 Rd4
28. Qf3 Qd7 29. O-O Qd6 30. Kh1 Be5 31. Ng4 Rxd3 32. Qe2 Bh8 33. Bf4 1-0

[Event "II Torneo"]
[Site "Codogno ITA"]
[Date "2010.09.25"]
[Round "2"]
[White "Tagliaferri, Valerio"]
[Black "Giretti Kanev, Jasen"]
[WhiteElo "1884"]
[BlackElo "2191"]
[Result "0-1"]
[PlyCount "36"]
[EventDate "2010.09.24"]

1. d4 c5 2. d5 Nf6 3. c4 e6 4. Nc3 exd5 5. cxd5 Bd6 6. g3 O-O 7. Bg2 Re8 8. e4
b5 9. Bg5 Nxe4 10. Nxe4 Qxg5 11. Ne2 Qg6 12. Nxd6 Qxd6 13. O-O Na6 14. Re1 Bb7
15. Qb3 Nc7 16. Nc3 c4 17. Qa3 b4 18. Ne4 Rxe4 0-1

[Event "II Torneo"]
[Site "Codogno ITA"]
[Date "2010.09.25"]
[Round "3"]
[White "Astengo, Marcello"]
[Black "De Santis, Alessio"]
[WhiteElo "2064"]
[BlackElo "2300"]
[Result "0-1"]
[PlyCount "50"]
[EventDate "2010.09.24"]

1. d4 b6 2. e4 Bb7 3. Bd3 Nf6 4. Qe2 Nc6 5. c3 e5 6. d5 Ne7 7. Nf3 Ng6 8. O-O
Bc5 9. c4 O-O 10. Nc3 Re8 11. g3 c6 12. Bd2 a6 13. Rac1 Bd4 14. Bg5 h6 15. Bxf6
Qxf6 16. Nxd4 exd4 17. Na4 cxd5 18. cxd5 Bxd5 19. Qc2 Bb7 20. Qc7 Bxe4 21. Bxe4
Rxe4 22. Nxb6 Rae8 23. Nxd7 Qf3 24. h3 Nh4 25. gxh4 Qxh3 0-1

[Event "II Torneo"]
[Site "Codogno ITA"]
[Date "2010.09.25"]
[Round "3"]
[White "Bemporad, Filippo"]
[Black "Salami, Marco"]
[WhiteElo "2056"]
[BlackElo "2195"]
[Result "1/2-1/2"]
[PlyCount "111"]
[EventDate "2010.09.24"]

1. d4 d5 2. Nf3 Nc6 3. Bf4 Bg4 4. e3 e6 5. Be2 Bd6 6. Bxd6 cxd6 7. O-O Nf6 8.
c4 O-O 9. Nc3 dxc4 10. Bxc4 Na5 11. Be2 d5 12. h3 Bh5 13. Ne5 Bxe2 14. Qxe2 Nd7
15. Nd3 Qh4 16. Rac1 Nc4 17. Na4 Nf6 18. b3 Nd6 19. Ne5 Rfc8 20. Nc5 b6 21.
Ncd3 Nfe4 22. Rxc8+ Rxc8 23. Rc1 Qd8 24. Qb2 Rxc1+ 25. Qxc1 Qc8 26. Qxc8+ Nxc8
27. Kf1 Ne7 28. Ke1 f6 29. Nf3 Kf7 30. Ng1 Nf5 31. Nc1 h5 32. Ke2 g5 33. f3
Nc3+ 34. Kd2 Nb1+ 35. Kd3 Na3 36. Nce2 Nb5 37. a4 Nbd6 38. Nc3 Ne7 39. Nge2 Nc6
40. Na2 Na5 41. Nac1 Nf5 42. g3 Ne7 43. Nc3 Nf5 44. N3e2 Ke7 45. e4 dxe4+ 46.
fxe4 Nd6 47. Ke3 f5 48. Nc3 fxe4 49. g4 hxg4 50. hxg4 Nc6 51. Nxe4 Nxe4 52.
Kxe4 Nb4 53. Nd3 Nd5 54. Ne5 Nf6+ 55. Kd3 a6 56. Nf3 1/2-1/2

[Event "II Torneo"]
[Site "Codogno ITA"]
[Date "2010.09.25"]
[Round "3"]
[White "Damia, Angelo"]
[Black "Barberi, Alessandro"]
[WhiteElo "2287"]
[BlackElo "2079"]
[Result "1-0"]
[PlyCount "53"]
[EventDate "2010.09.24"]

1. d4 g6 2. e4 Bg7 3. Nf3 d6 4. Bc4 c6 5. Nc3 Nf6 6. Bg5 b5 7. Bd3 a5 8. a3 O-O
9. O-O Na6 10. e5 dxe5 11. dxe5 Nd5 12. Nxd5 Qxd5 13. Bxe7 Re8 14. Bd6 f6 15.
Re1 fxe5 16. Be4 Qxd1 17. Raxd1 Bb7 18. c3 Rad8 19. Bc2 c5 20. a4 Bxf3 21. gxf3
Re6 22. axb5 Rexd6 23. bxa6 Rxd1 24. Rxd1 Ra8 25. Rd6 Ra7 26. Be4 Kf7 27. Rb6
1-0

[Event "II Torneo"]
[Site "Codogno ITA"]
[Date "2010.09.25"]
[Round "3"]
[White "Giretti Kanev, Jasen"]
[Black "De Palma, Fabrizio"]
[WhiteElo "2191"]
[BlackElo "2061"]
[Result "1-0"]
[PlyCount "111"]
[EventDate "2010.09.24"]

1. Nf3 d5 2. c4 e6 3. e3 c5 4. d4 Nc6 5. Nc3 Nf6 6. Be2 Bd6 7. Nb5 Be7 8. dxc5
Bxc5 9. O-O a6 10. Nbd4 O-O 11. a3 Bd6 12. b4 Nxd4 13. Qxd4 dxc4 14. Rd1 Be7
15. Qxc4 Qb6 16. Bb2 Bd7 17. Ne5 Bb5 18. Qc2 Rac8 19. Nc4 Qc6 20. Rdc1 Qe4 21.
Qxe4 Nxe4 22. Bd3 Nf6 23. Bf1 Rfd8 24. Na5 Bxf1 25. Kxf1 Rxc1+ 26. Rxc1 Rd7 27.
Rc8+ Bf8 28. Bd4 Ne4 29. Rb8 b5 30. f3 Nd6 31. Bc5 f6 32. Nc6 Kf7 33. Nd8+ Kg6
34. Nxe6 Be7 35. Nf4+ Kh6 36. Nd5 Nf5 37. Nxe7 Nxe7 38. Bxe7 Rxe7 39. e4 Re6
40. Kf2 Rc6 41. Ra8 g5 42. Kg3 Kg6 43. h4 h6 44. hxg5 hxg5 45. Kg4 Rd6 46. g3
Rc6 47. Ra7 Rd6 48. f4 gxf4 49. gxf4 Rc6 50. f5+ Kh6 51. Kf4 Rd6 52. Rf7 Rc6
53. Re7 Rd6 54. Re6 Rxe6 55. fxe6 Kg6 56. Kg4 1-0

[Event "II Torneo"]
[Site "Codogno ITA"]
[Date "2010.09.25"]
[Round "3"]
[White "Laketic, Gojko"]
[Black "Bonade', Massimo"]
[WhiteElo "2448"]
[BlackElo "2091"]
[Result "1-0"]
[PlyCount "129"]
[EventDate "2010.09.24"]

1. d4 Nf6 2. Nf3 e6 3. c4 b6 4. g3 Ba6 5. b3 Bb4+ 6. Bd2 Be7 7. Bg2 c6 8. O-O
d5 9. Ne5 Nfd7 10. Nxd7 Nxd7 11. Bc3 Nf6 12. Nd2 O-O 13. Rc1 Rb8 14. Bb2 b5 15.
c5 b4 16. a3 bxa3 17. Bxa3 Qa5 18. Bb2 Qb5 19. Re1 Bd8 20. Bc3 Re8 21. b4 Bc7
22. f4 Ra8 23. Ra1 Qb7 24. Ra3 Bb5 25. Bf3 Qb8 26. e3 Qd8 27. Qc2 a6 28. Rea1
g6 29. Nb1 h5 30. Be1 Kg7 31. Nc3 Rc8 32. Nxb5 axb5 33. h3 Nd7 34. e4 f5 35. e5
Rh8 36. Bd2 Qe8 37. Be3 Bd8 38. Ra7 Kg8 39. Qa2 Nb8 40. Rb7 Rh7 41. Rxh7 Kxh7
42. g4 Rc7 43. Qa8 Bh4 44. Ra6 Qc8 45. Rb6 Nd7 46. Qxc8 Rxc8 47. Rb7 Rd8 48.
gxh5 Be1 49. Bf2 Bxf2+ 50. Kxf2 gxh5 51. Bxh5 Kh6 52. Bf7 Nf8 53. Rc7 Ra8 54.
Rxc6 Ra2+ 55. Ke3 Ra3+ 56. Ke2 Rxh3 57. Bxe6 Nxe6 58. Rxe6+ Kh5 59. Rd6 Kg4 60.
c6 Kxf4 61. c7 Rc3 62. Rd7 Ke4 63. e6 f4 64. e7 f3+ 65. Kd2 1-0

[Event "II Torneo"]
[Site "Codogno ITA"]
[Date "2010.09.25"]
[Round "3"]
[White "Mussap, Angelo"]
[Black "Ficco, Corrado"]
[WhiteElo "2051"]
[BlackElo "2117"]
[Result "0-1"]
[PlyCount "108"]
[EventDate "2010.09.24"]

1. e4 c5 2. Nf3 e6 3. d4 cxd4 4. Nxd4 Nf6 5. Qf3 Nc6 6. Nxc6 bxc6 7. Bd3 d5 8.
exd5 cxd5 9. O-O Be7 10. Nc3 O-O 11. Bf4 Qb6 12. Rab1 Ba6 13. h4 Bxd3 14. cxd3
Rac8 15. h5 h6 16. Rfe1 Rfe8 17. g4 Nh7 18. Qe2 Qc6 19. d4 a6 20. Rbc1 Qc4 21.
Qe3 Qc6 22. Qd3 Qb7 23. b3 Bb4 24. Bd2 Nf6 25. f3 Ba3 26. Rc2 Rc6 27. g5 hxg5
28. Bxg5 Nh7 29. Bd2 Rec8 30. Re2 Qc7 31. Rg2 Kh8 32. h6 g6 33. Qe3 Bb4 34. Be1
Bxc3 35. Bg3 Qb6 36. Be5+ f6 37. Rxg6 Rg8 38. Rcg2 Rxg6 39. Rxg6 Bd2 40. Qd3
fxe5 41. Rg4 Bxh6 42. Qg6 Rc8 43. Qxh6 Rg8 44. Rxg8+ Kxg8 45. Qg6+ Kh8 46. Qe8+
Kg7 47. Qe7+ Kh6 48. Qh4+ Kg6 49. Qg4+ Ng5 50. Kf1 Qxd4 51. Qg2 Qd1+ 52. Kf2
Qd2+ 53. Kf1 Qxg2+ 54. Kxg2 Kf5 0-1

[Event "II Torneo"]
[Site "Codogno ITA"]
[Date "2010.09.26"]
[Round "4"]
[White "Barberi, Alessandro"]
[Black "Quagliarella, Sabino Remo"]
[WhiteElo "2079"]
[BlackElo "1937"]
[Result "1-0"]
[PlyCount "73"]
[EventDate "2010.09.24"]

1. d4 d5 2. Nf3 Nf6 3. e3 e6 4. b3 Be7 5. Bb2 O-O 6. Bd3 Nbd7 7. Nbd2 c5 8. O-O
b6 9. Qe2 Bb7 10. Ne5 Rc8 11. f4 Ne4 12. Rad1 Ndf6 13. g4 Nxd2 14. Rxd2 Ne4 15.
Bxe4 dxe4 16. dxc5 Qc7 17. Rd7 Qxd7 18. Nxd7 Rfd8 19. Ne5 Bxc5 20. g5 Bb4 21.
Rd1 Bc5 22. Rd7 Rxd7 23. Nxd7 Be7 24. a3 Bc6 25. Ne5 Be8 26. Qg2 f5 27. gxf6
Bxf6 28. Qxe4 Rd8 29. Bd4 Bh5 30. c4 Be8 31. b4 Bh5 32. c5 bxc5 33. bxc5 g5 34.
fxg5 Bxg5 35. Qg2 h6 36. h4 Rb8 37. hxg5 1-0

[Event "II Torneo"]
[Site "Codogno ITA"]
[Date "2010.09.26"]
[Round "4"]
[White "Bini, Lorenzo"]
[Black "Astengo, Marcello"]
[WhiteElo "1959"]
[BlackElo "2064"]
[Result "1-0"]
[PlyCount "69"]
[EventDate "2010.09.24"]

1. f4 d5 2. c3 c5 3. Nf3 Nc6 4. d3 Nf6 5. g3 e6 6. Bg2 Be7 7. O-O O-O 8. h3 b6
9. Re1 Bb7 10. Nbd2 Qc7 11. Nf1 Rfd8 12. Kh1 Rac8 13. Bd2 b5 14. Qc1 Qb6 15. g4
d4 16. Ng3 Nd5 17. c4 bxc4 18. dxc4 Nf6 19. g5 Nd7 20. h4 Nb4 21. a3 Nc6 22. b3
Na5 23. Rb1 Nc6 24. Qc2 Qc7 25. Ne4 f5 26. gxf6 gxf6 27. Bh3 Nf8 28. Rg1+ Kh8
29. f5 Ne5 30. Bf4 exf5 31. Bxf5 Nfd7 32. Bxh7 d3 33. exd3 Kxh7 34. Qe2 Rg8 35.
Nxe5 1-0

[Event "II Torneo"]
[Site "Codogno ITA"]
[Date "2010.09.26"]
[Round "4"]
[White "Bonade', Massimo"]
[Black "Bemporad, Filippo"]
[WhiteElo "2091"]
[BlackElo "2056"]
[Result "1/2-1/2"]
[PlyCount "113"]
[EventDate "2010.09.24"]

1. d4 d5 2. Nf3 Nf6 3. e3 Bf5 4. c4 c6 5. Nc3 e6 6. Qb3 Qb6 7. Nh4 Bg4 8. h3
Bh5 9. Qxb6 axb6 10. g4 Bg6 11. Nxg6 hxg6 12. cxd5 exd5 13. Bg2 Na6 14. O-O Bd6
15. Rd1 O-O-O 16. a3 b5 17. f3 b4 18. axb4 Bxb4 19. e4 Rhe8 20. Bg5 Be7 21. Bf4
Nc7 22. Na4 b5 23. Nc3 Ne6 24. Be3 Bb4 25. e5 Nd7 26. Rdc1 Kb7 27. f4 Nb6 28.
b3 Ra8 29. Ne2 Nc7 30. f5 gxf5 31. gxf5 Be7 32. Nf4 Ba3 33. Rcb1 Bf8 34. Bf3
Rxa1 35. Rxa1 Na6 36. Nd3 Nb4 37. Nxb4 Bxb4 38. Bh5 g6 39. fxg6 fxg6 40. Bg4
Na8 41. Rf1 Rf8 42. Rd1 Nc7 43. Bg5 Na6 44. e6 Re8 45. Rf1 Kb6 46. Rf6 Bc3 47.
Be3 Nb4 48. Rxg6 Nc2 49. Bf2 Bxd4 50. h4 b4 51. h5 Kc5 52. h6 Kd6 53. h7 Rh8
54. Bxd4 Nxd4 55. Rg7 Nxe6 56. Rg6 Rxh7 57. Rxe6+ 1/2-1/2

[Event "II Torneo"]
[Site "Codogno ITA"]
[Date "2010.09.26"]
[Round "4"]
[White "Gromovs, Sergejs"]
[Black "Giretti Kanev, Jasen"]
[WhiteElo "2304"]
[BlackElo "2191"]
[Result "1-0"]
[PlyCount "51"]
[EventDate "2010.09.24"]

1. d4 d5 2. c4 c6 3. Nf3 Nf6 4. Nc3 g6 5. Bf4 Bg7 6. e3 O-O 7. h3 Qa5 8. Qd2 c5
9. dxc5 Rd8 10. Nb5 Qxd2+ 11. Nxd2 Na6 12. Nc7 Nh5 13. cxd5 Nxc7 14. Bxc7 Rxd5
15. c6 bxc6 16. Rb1 Be6 17. g4 Rc8 18. Bh2 Nf6 19. Nb3 h5 20. f3 hxg4 21. hxg4
a5 22. Bc4 a4 23. Nd4 c5 24. Nxe6 fxe6 25. e4 Rdd8 26. Bxe6+ 1-0

[Event "II Torneo"]
[Site "Codogno ITA"]
[Date "2010.09.26"]
[Round "5"]
[White "Bemporad, Filippo"]
[Black "De Palma, Fabrizio"]
[WhiteElo "2056"]
[BlackElo "2061"]
[Result "1-0"]
[PlyCount "67"]
[EventDate "2010.09.24"]

1. d4 d5 2. Nf3 Nf6 3. c4 e6 4. g3 c5 5. Bg2 Nc6 6. O-O Be7 7. Nc3 O-O 8. cxd5
exd5 9. dxc5 d4 10. Na4 Bf5 11. b3 Ne4 12. Bb2 Bf6 13. a3 Re8 14. Rc1 Qd7 15.
b4 Rad8 16. Qb3 Ng5 17. b5 Ne5 18. Nxg5 Bxg5 19. f4 Bh3 20. c6 bxc6 21. bxc6
Qg4 22. c7 Bxg2 23. cxd8=Q Bxd8 24. fxe5 Bxf1 25. Rxf1 Rf8 26. Qf3 Qd7 27. Nc5
Qb5 28. Bxd4 Bb6 29. Qd5 Qxe2 30. e6 fxe6 31. Qxe6+ Qxe6 32. Rxf8+ Kxf8 33.
Nxe6+ Kf7 34. Bxb6 1-0

[Event "II Torneo"]
[Site "Codogno ITA"]
[Date "2010.09.26"]
[Round "5"]
[White "Damia, Angelo"]
[Black "Gromovs, Sergejs"]
[WhiteElo "2287"]
[BlackElo "2304"]
[Result "1-0"]
[PlyCount "105"]
[EventDate "2010.09.24"]

1. d4 d5 2. c4 e6 3. Nc3 c5 4. e3 Nf6 5. Nf3 Nc6 6. cxd5 exd5 7. Bb5 cxd4 8.
exd4 Be7 9. Ne5 Bd7 10. O-O O-O 11. Qa4 Qc7 12. Bf4 Bd6 13. Rac1 a6 14. Bxc6
bxc6 15. Nxd7 Qxd7 16. Bxd6 Qxd6 17. Qa3 Qxa3 18. bxa3 Rfe8 19. f3 Rac8 20. Kf2
c5 21. dxc5 Rxc5 22. Ne2 Rec8 23. Rxc5 Rxc5 24. Rc1 Rxc1 25. Nxc1 Kf8 26. Nd3
Ne8 27. Ke3 Ke7 28. Kd4 Kd6 29. Nc5 Nc7 30. Nb7+ Kc6 31. Nd8+ Kb5 32. Nxf7 Ka4
33. f4 a5 34. f5 Kxa3 35. Ng5 Kxa2 36. Ne6 Ne8 37. Kxd5 g6 38. fxg6 hxg6 39.
Nc5 Ka3 40. Nb7 a4 41. Nc5 Nf6+ 42. Ke6 Ng4 43. h3 Ne3 44. g4 Kb4 45. Nxa4 Kxa4
46. Kf6 Nd5+ 47. Kg5 Kb5 48. h4 Ne3 49. h5 gxh5 50. gxh5 Nc4 51. h6 Ne5 52. h7
Nf7+ 53. Kf6 1-0

[Event "II Torneo"]
[Site "Codogno ITA"]
[Date "2010.09.26"]
[Round "5"]
[White "Ferretti, Alessandro"]
[Black "Bonade', Massimo"]
[WhiteElo "1969"]
[BlackElo "2091"]
[Result "1-0"]
[PlyCount "96"]
[EventDate "2010.09.24"]

1. e4 c5 2. Nf3 d6 3. d4 cxd4 4. Nxd4 Nf6 5. Nc3 a6 6. Bg5 e6 7. f4 Be7 8. Qf3
Qc7 9. O-O-O Nbd7 10. g4 b5 11. Bxf6 Bxf6 12. f5 Bxd4 13. Rxd4 O-O 14. Qd1 Nc5
15. b4 Na4 16. Nxa4 bxa4 17. Rc4 Qe7 18. Bd3 Bb7 19. Re1 Rfd8 20. e5 dxe5 21.
Rxe5 Qd6 22. Qe1 Bd5 23. Rc5 a5 24. fxe6 Bxe6 25. b5 Rac8 26. Qc3 Rxc5 27. Qxc5
Qb8 28. Kb2 Rc8 29. Qe3 Qc7 30. Bf5 a3+ 31. Kxa3 Qd6+ 32. Kb2 Qb4+ 33. Kc1 Rf8
34. Qd3 Qf4+ 35. Qe3 Qxh2 36. Bxe6 fxe6 37. Rxe6 Qh1+ 38. Kb2 Qd5 39. Re5 Qd7
40. g5 Rc8 41. Rc5 Rb8 42. a4 Rf8 43. Qc3 Qd8 44. Qb3+ Kh8 45. Qc3 Re8 46. g6
hxg6 47. Rc7 Qf6 48. b6 Re4 1-0

[Event "II Torneo"]
[Site "Codogno ITA"]
[Date "2010.09.26"]
[Round "5"]
[White "Giretti Kanev, Jasen"]
[Black "Ficco, Corrado"]
[WhiteElo "2191"]
[BlackElo "2117"]
[Result "1-0"]
[PlyCount "109"]
[EventDate "2010.09.24"]

1. c4 f5 2. Nc3 Nf6 3. d4 g6 4. f3 d6 5. e4 c6 6. Be2 e5 7. dxe5 dxe5 8. Qxd8+
Kxd8 9. Bg5 Be7 10. O-O-O+ Kc7 11. f4 h6 12. Bxf6 Bxf6 13. exf5 gxf5 14. fxe5
Bxe5 15. Nf3 Bxc3 16. bxc3 Na6 17. Nd4 Bd7 18. Rhf1 Raf8 19. Rf4 Rhg8 20. g3
Nc5 21. Rdf1 Re8 22. Kd1 Re3 23. R1f3 Rxf3 24. Rxf3 Ne4 25. Kc2 Rg5 26. Bd3 c5
27. Nb5+ Bxb5 28. cxb5 Kb6 29. c4 Ka5 30. Bxe4 fxe4 31. Rf7 Kb4 32. Rxb7 Rf5
33. Rxa7 Rf2+ 34. Kd1 Kxc4 35. b6 Rb2 36. b7 Kd4 37. Kc1 Rb6 38. Kc2 e3 39.
Ra4+ c4 40. Ra6 Rxb7 41. Rxh6 Re7 42. Rd6+ Ke4 43. Kd1 c3 44. a4 Rc7 45. Kc2
Rc4 46. a5 e2 47. Re6+ Kf3 48. a6 Re4 49. Rxe4 Kxe4 50. a7 e1=Q 51. a8=Q+ Kd4
52. Qa7+ Kc4 53. Qa6+ Kb4 54. Qd6+ Kc4 55. Qd3+ 1-0

[Event "II Torneo"]
[Site "Codogno ITA"]
[Date "2010.09.26"]
[Round "5"]
[White "Laketic, Gojko"]
[Black "De Santis, Alessio"]
[WhiteElo "2448"]
[BlackElo "2300"]
[Result "1/2-1/2"]
[PlyCount "240"]
[EventDate "2010.09.24"]

1. d4 b6 2. e4 Bb7 3. Bd3 Nf6 4. Nd2 e6 5. Ne2 c5 6. c3 d6 7. O-O Be7 8. Re1
Nbd7 9. Ng3 Qc7 10. Nf3 h6 11. b3 O-O 12. Bb2 Rfe8 13. Rc1 Rad8 14. h3 Qb8 15.
Qe2 Qa8 16. Rcd1 a6 17. Bb1 Nf8 18. Nh2 e5 19. Nf5 Ng6 20. d5 Nf4 21. Qf3 Bc8
22. c4 Bf8 23. Ng4 Nxg4 24. hxg4 g6 25. Ne3 Bd7 26. Kh2 h5 27. gxh5 Nxh5 28. g3
Bg7 29. Rh1 Qc8 30. Kg2 Nf6 31. Rh4 Kf8 32. Rdh1 Ke7 33. Qd1 g5 34. R4h2 g4 35.
Kg1 Rg8 36. Rh4 Rdf8 37. Bd3 Rh8 38. Ng2 Rxh4 39. Nxh4 Rh8 40. Bc1 Rh5 41. Nf5+
Bxf5 42. Rxh5 Nxh5 43. exf5 e4 44. Bxe4 Nf6 45. Bg5 Kf8 46. Bd3 Qe8 47. Bf4 Qe7
48. Qe2 Nh5 49. Bd2 Qxe2 50. Bxe2 Bd4 51. Kg2 Nf6 52. f3 gxf3+ 53. Kxf3 Nd7 54.
Ke4 Nf6+ 55. Kf3 Nd7 56. g4 f6 57. g5 fxg5 58. Bxg5 Nf6 59. Bd3 Kf7 60. Bd2 a5
61. Bf4 Ke7 62. Bf1 Bb2 63. Bh3 Bd4 64. Bg2 Bb2 65. Ke2 Bd4 66. Kd3 Bb2 67. Bf3
Ba1 68. Bg5 Kf7 69. Kc2 Be5 70. a3 Bg3 71. Be2 Be1 72. Bd3 Ke7 73. Be2 Kf7 74.
Bf4 Ke7 75. Bc1 Kf7 76. Bb2 Ke7 77. Bf3 Kf7 78. Kd1 Bg3 79. Bc3 Bf4 80. Kc2 Bg5
81. b4 axb4 82. axb4 Ke7 83. Kb3 Kd7 84. Ka4 Kc7 85. Kb5 Bh4 86. Bd2 Bg3 87.
Bc3 Bh4 88. Ka6 Bg5 89. Bd1 Bh4 90. Bc2 Bg5 91. Ka7 Bh4 92. b5 Nd7 93. Bd3 Bf6
94. Bd2 Ne5 95. Be2 Bd8 96. Bh6 Bf6 97. Bd2 Bd8 98. Bf1 Bf6 99. Bh6 Nd7 100.
Bd2 Ne5 101. Be2 Bd8 102. Bc3 Bf6 103. Bh5 Nd7 104. Be1 Ne5 105. Be2 Bd8 106.
Bg3 Bf6 107. Bf4 Nd7 108. Bg3 Ne5 109. Bf1 Nd7 110. Be1 Ne5 111. Be2 Nd7 112.
Bh5 Ne5 113. Bc3 Nd7 114. Be1 Ne5 115. Be2 Nd7 116. Bg3 Ne5 117. Bf4 Nd7 118.
Bg3 Ne5 119. Bxe5 Bxe5 120. f6 Bxf6 1/2-1/2

[Event "II Torneo"]
[Site "Codogno ITA"]
[Date "2010.09.26"]
[Round "5"]
[White "Mussap, Angelo"]
[Black "Barberi, Alessandro"]
[WhiteElo "2051"]
[BlackElo "2079"]
[Result "0-1"]
[PlyCount "65"]
[EventDate "2010.09.24"]

1. e4 g6 2. d4 Bg7 3. Nf3 d6 4. Bc4 e6 5. Nc3 a6 6. a4 b6 7. Be3 Bb7 8. Qd2 h6
9. O-O Nd7 10. Rad1 Ne7 11. b4 Nf6 12. Qd3 Nxe4 13. Nxe4 d5 14. Bxd5 Nxd5 15.
Bd2 O-O 16. Ne5 Qh4 17. Nf3 Qe7 18. c3 Rad8 19. Qc2 Kh7 20. Rfe1 Rfe8 21. h4
Nf6 22. Nxf6+ Qxf6 23. Re3 Rd5 24. g4 Rdd8 25. Qd3 Bxf3 26. Rxf3 Qxh4 27. g5
Qg4+ 28. Kh2 e5 29. gxh6 e4 30. Rg3 Qh4+ 31. Kg2 exd3 32. hxg7 Qe4+ 33. Rf3 0-1

[Event "V Festival A"]
[Site "Giugliano in Campania ITA"]
[Date "2010.09.24"]
[Round "1"]
[White "Abbes, Rached"]
[Black "Accardo, Francesco"]
[Result "0-1"]
[WhiteElo "1494"]
[BlackElo "1870"]
[PlyCount "57"]
[EventDate "2010.09.24"]

1. e4 a6 2. d4 b5 3. a3 Bb7 4. Nc3 e6 5. Nf3 Be7 6. g3 d6 7. Bg2 Nd7 8. O-O c5
9. Be3 h5 10. Qd2 h4 11. Ng5 cxd4 12. Qxd4 Bxg5 13. Bxg5 Qxg5 14. Qxd6 hxg3 15.
fxg3 Qe5 16. Qd2 Ngf6 17. Rad1 Qc5+ 18. Rf2 O-O-O 19. Qe2 Ne5 20. Rxd8+ Rxd8
21. Kh1 Neg4 22. Rf3 Qh5 23. h3 Qh6 24. Rf4 Ne5 25. Rh4 Qg5 26. Kh2 Kb8 27. Bf3
Nxf3+ 28. Qxf3 Rd2+ 29. Ne2 0-1

[Event "V Festival A"]
[Site "Giugliano in Campania ITA"]
[Date "2010.09.24"]
[Round "1"]
[White "Alfieri, Sabato"]
[Black "Mazzarella, Antonio"]
[Result "1/2-1/2"]
[WhiteElo "1628"]
[BlackElo "2040"]
[PlyCount "94"]
[EventDate "2010.09.24"]

1. d4 d5 2. c4 e6 3. Nc3 Nf6 4. Bg5 Nbd7 5. Nf3 c6 6. e3 Qa5 7. Bxf6 Nxf6 8.
Bd3 Bb4 9. Qc2 dxc4 10. Bxc4 Nd5 11. Rc1 O-O 12. O-O Nxc3 13. bxc3 Bd6 14. Rb1
Qh5 15. e4 Qg6 16. Ne5 Bxe5 17. dxe5 b5 18. Be2 Bb7 19. f4 c5 20. Bf3 Qh6 21.
Qc1 a5 22. a3 Rac8 23. Qe3 f6 24. Bg4 fxe5 25. g3 exf4 26. Rxf4 Rxf4 27. Qxf4
Qxf4 28. gxf4 Kf7 29. Rxb5 Bxe4 30. Rxa5 Ra8 31. Rxc5 Rxa3 32. h3 g6 33. Rc7+
Kf6 34. Rxh7 Rxc3 35. Kf2 Ra3 36. h4 Bf5 37. Bf3 e5 38. fxe5+ Kxe5 39. Rh8 Kf4
40. Bd5 Rd3 41. Bc4 Rc3 42. Bf7 Rc2+ 43. Ke1 Ke3 44. Re8+ Be4 45. Rxe4+ Kxe4
46. Bxg6+ Kf4 47. Bxc2 Kg4 1/2-1/2

[Event "V Festival A"]
[Site "Giugliano in Campania ITA"]
[Date "2010.09.24"]
[Round "1"]
[White "Caiazza, Antonio A."]
[Black "Basso, Lorenzo"]
[Result "1/2-1/2"]
[WhiteElo "1518"]
[BlackElo "1898"]
[PlyCount "41"]
[EventDate "2010.09.24"]

1. e4 g6 2. Nf3 Bg7 3. Bc4 c6 4. Nc3 d5 5. exd5 b5 6. Bb3 b4 7. Ne2 cxd5 8. O-O
Nf6 9. d4 O-O 10. Re1 a5 11. a4 Nbd7 12. Nf4 e6 13. Nd3 Ne4 14. Nfe5 Nxe5 15.
Nxe5 Ba6 16. f3 Nd6 17. Be3 Rc8 18. Rb1 Nc4 19. Bf2 Bh6 20. Ng4 Bg7 21. Ne5
1/2-1/2